000 00564nam a22002297a 4500
003 UA-OsUOA
001 29505
007 ta
008 20041012b un ||||| |||| 00| 0 ukr d
090 _a82.09(477)
_bС80
942 _cBK
040 _aUA-OsUOA
_bukr
_cUA-OsUOA
_dUA-OsUOA
245 _aСтиль і час
_bХрестоматія
_cРед. Д.Г.Білоус
300 _a252 с.
955 _a0
041 _aukr
080 _a82.09(477)
260 _aКиїв
_bНаукова думка
_c1983
044 _aUA
650 7 _2UDC
999 _c315896
_d315896